Britain's imperial century 1815-1914: a study of empire and expansion (Record no. 195424)

MARC details
000 -LEADER
fixed length control field 00388nam a2200145Ia 4500
008 - FIXED-LENGTH DATA ELEMENTS--GENERAL INFORMATION
fixed length control field 230917s9999||||xx |||||||||||||| ||und||
040 ## - CATALOGING SOURCE
-- 41569
Original cataloging agency VIVEKANANDA LIBRARY
041 ## - Language
-- English
082 ## - DDC NUMBER
Classification number 942 H989B
100 ## - MAIN ENTRY--PERSONAL NAME
Personal name Hyam, Ronald
245 #0 - TITLE STATEMENT
Title Britain's imperial century 1815-1914: a study of empire and expansion
260 ## - PUBLICATION, DISTRIBUTION, ETC. (IMPRINT)
Place of publication, distribution, etc London
Name of publisher, distributor, etc B T Batsford
Date of publication, distribution, etc 1976
300 ## - PHYSICAL DESCRIPTION
Pages 462 p.
942 ## - ADDED ENTRY ELEMENTS (KOHA)
Koha item type Books
Holdings
Withdrawn status Lost status Damaged status Not for loan Location (home branch) Sublocation or collection (holding branch) Date acquired Koha issues (times borrowed) Koha full call number Accession No. Koha date last seen Koha item type
        VIVEKANANDA LIBRARY VIVEKANANDA LIBRARY 11/11/2002   942 H989B 53306 17/09/2023 Books
© Designed and Maintained by Vivekananda Library, MDU Rohtak